लोकमान्य टिळकांचे पुण्यस्मरण. (Record no. 252537)

MARC details
000 -LEADER
fixed length control field 00692nam a2200181Ia 4500
008 - FIXED-LENGTH DATA ELEMENTS--GENERAL INFORMATION
fixed length control field 090630s9999 xx 000 0 und d
082 ## - DEWEY DECIMAL CLASSIFICATION NUMBER
Item number 681
100 ## - MAIN ENTRY--PERSONAL NAME
Personal name केळकर न. चि.
245 ## - TITLE STATEMENT
Title लोकमान्य टिळकांचे पुण्यस्मरण.
Statement of responsibility, etc केळकर न. चि.
260 ## - PUBLICATION, DISTRIBUTION, ETC. (IMPRINT)
Name of publisher, distributor, etc ---
Date of publication, distribution, etc 1927
300 ## - PHYSICAL DESCRIPTION
Extent 155
600 ## - SUBJECT ADDED ENTRY--PERSONAL NAME
Personal name केळकर न. चि.
630 ## - SUBJECT ADDED ENTRY--UNIFORM TITLE
Uniform title लोकमान्य टिळकांचे पुण्यस्मरण.
655 ## - INDEX TERM--GENRE/FORM
Genre/form data or focus term चरित्र.
700 ## - ADDED ENTRY--PERSONAL NAME
Personal name केळकर न. चि.
730 ## - ADDED ENTRY--UNIFORM TITLE
Uniform title लोकमान्य टिळकांचे पुण्यस्मरण.
942 ## - ADDED ENTRY ELEMENTS (KOHA)
Koha item type Book
Holdings
Withdrawn status Lost status Damaged status Not for loan Home library Current library Date acquired Cost, normal purchase price Total Checkouts Full call number Barcode Date last seen Cost, replacement price Price effective from Koha item type
        Sarvajanik Wachanalaya Shrivardhan Sarvajanik Wachanalaya Shrivardhan 02/08/2004 0.00   681 SAWASHRI-681 06/30/2009 0.00 06/30/2009 Book